History Quiz

Random History Quiz

How good do you know the Executive Branch Quiz Stats

 Plays Quiz not verified by Sporcle

Score 0/8 Timer 10:00
0 Plays Today
% Correct
NASA
93.1%
National Rifle Association
86.2%
backup for the president if he is unable
82.8%
different department to help the pres.
79.3%
head of government of the United States of America
69%
government agency responsible for exercising autonomous authority
62.1%
Cabinet departments
58.6%
work outside of the government
44.8%

You're not logged in!

Compare scores with friends on all Sporcle quizzes.
OR
Log In

Sporcle TV

Today on Sporcle TV


Watch our educational content, quiz creation guides, and fun videos on Sporcle TV.

Show Comments

Extras

Created Dec 10, 2014ReportNominate
Tags:branch, Executive

Top Quizzes Today


Score Distribution

Your Account Isn't Verified!

In order to create a playlist on Sporcle, you need to verify the email address you used during registration. Go to your Sporcle Settings to finish the process.

Report this User

Report this user for behavior that violates our Community Guidelines.

Details: